000 00716nam a2200253Ia 4500
003 OSt
005 20220926015527.0
006 a|||||r|||| 00| 0
007 ta
008 220923b |||||||| |||| 00| 0 eng d
020 _a0312293119
037 _cGeneral Book
040 _aRTL
_cRTL
_beng
041 _2eng
_aeng
082 _aY:8697, P3
100 _aPitts Victoria L
_9322630
245 0 _aIn the flesh
_b Culthural politics of body modificat
260 _aNew York
_bPalgrave Macmillian
_c2003
300 _avi,239p
_ccm.
500 _aBibiliography P 225-34
650 _aSocial personality
942 _hY:8697, P3
_cGB
_2CC
999 _c631915
_d631915